The Mediterranean Basin, 802530 (R02203), April 1998.

Bibliographic Details
Corporate Author: United States. Central Intelligence Agency
Format: Government Document Map
Language:English
Published: [Place of publication not identified] : [publisher not identified], [1998?]

MARC

Tag First Indicator Second Indicator Subfields
LEADER 00000cem a22000007a 4500
001 in00000001548
005 20151007050455.0
008 980928s1998 xxu f000 0 eng d
035 |a (OCoLC) 
035 |a tmp97131474 
035 |9 AJB6484AM 
040 |a MvI  |c MvI  |d UtOrBLW 
049 |a MAPS 
074 |a 0856-A-01 
086 0 |a PREX 3.10/4:M 46/10 
245 0 4 |a The Mediterranean Basin, 802530 (R02203), April 1998. 
264 1 |a [Place of publication not identified] :  |b [publisher not identified],  |c [1998?] 
336 |a cartographic image  |b cri  |2 rdacontent 
337 |a unmediated  |b n  |2 rdamedia 
338 |a unspecified  |b zu  |2 rdacarrier 
500 |a Shipping List #: 98-0052-S 
500 |a Shipping List Date: 09/22/98 
500 |a Cartographic material. 
710 1 |a United States.  |b Central Intelligence Agency. 
999 |a MARS 
999 f f |s 8626e48e-e18b-3b95-8331-96450b84109e  |i 2d5b5b18-7b06-3a81-b6a5-8812c31742a1  |t 0 
952 f f |p normal  |a Texas A&M University  |b College Station  |c Sterling C. Evans Library  |d Evans: Maps (2nd floor)  |t 0  |e G5672.M4 1998 .U5  |h Library of Congress classification  |i unspecified -- unspecified  |m A14823233637 
998 f f |a G5672.M4 1998 .U5  |t 0  |l Evans: Maps (2nd floor)